In This Together (Record no. 19636)
[ view plain ]
| 000 -LEADER | |
|---|---|
| fixed length control field | 00710nam a2200121Ia 4500 |
| 008 - FIXED-LENGTH DATA ELEMENTS--GENERAL INFORMATION | |
| fixed length control field | 220616s9999||||xx |||||||||||||| ||und|| |
| 245 #0 - TITLE STATEMENT | |
| Title | In This Together |
| Remainder of title | Teachers' Experiences with Transnational, Telecollaborative Language Learning Projects |
| 546 ## - LANGUAGE NOTE | |
| Language note | English[eng] |
| 650 ## - SUBJECT ADDED ENTRY--TOPICAL TERM | |
| Topical term or geographic name entry element | Dooly||Dowd||Experiences||Language||Learning||Melinda||Owenby||Projects||Robert||Teachers||Telecollaborative||Together||Transnational |
| 700 ## - ADDED ENTRY--PERSONAL NAME | |
| Personal name | Dooly Owenby, Melinda Ann||O'Dowd, Robert |
| 856 ## - ELECTRONIC LOCATION AND ACCESS | |
| Uniform Resource Identifier | <a href="https://library.oapen.org/bitstream/20.500.12657/26697/1/1003364.pdf||https://library.oapen.org/bitstream/20.500.12657/26697/1/1003364.pdf||https://library.oapen.org/bitstream/20.500.12657/26697/1/1003364.pdf">https://library.oapen.org/bitstream/20.500.12657/26697/1/1003364.pdf||https://library.oapen.org/bitstream/20.500.12657/26697/1/1003364.pdf||https://library.oapen.org/bitstream/20.500.12657/26697/1/1003364.pdf</a> |
| 942 ## - ADDED ENTRY ELEMENTS (KOHA) | |
| Koha item type | E-Books |
| Withdrawn status | Lost status | Damaged status | Not for loan | Home library | Current library | Date acquired | Total Checkouts | Date last seen | Price effective from | Koha item type |
|---|---|---|---|---|---|---|---|---|---|---|
| Kerala University of Digital Sciences, Innovation and Technology Knowledge Centre | Kerala University of Digital Sciences, Innovation and Technology Knowledge Centre | 16/06/2022 | 16/06/2022 | 16/06/2022 | E-Books |